| 000 | 00334cam a22001217a 4500 | ||
|---|---|---|---|
| 008 | 180718b2006 xxu||||| |||| 00| 0 eng d | ||
| 020 | _a81 9042404 1 | ||
| 245 |
_aDalit sahihya-2006 _cedited by Jaiprakash kardm |
||
| 260 |
_aDelhi _bAkadamik Pratibha _c2006 |
||
| 300 | _a416p. | ||
| 650 | _aDalit sahihya | ||
| 700 | _akardm, Jaiprakash | ||
| 999 |
_c439149 _d439149 |
||